Such A Funny Way - Sabrina Carpenter (All Lyrics) - Statistics

General Stats
  • This quiz has been taken 157 times
    100 since last reset
  • The average score is 252 of 288
Answer Stats
Lyrics % Correct
you
100%
You
100%
you"
100%
you,
100%
me
98%
me,
98%
so
98%
So
98%
a
95%
do
95%
don't
95%
"Don't
95%
funny
95%
funny,
95%
Funny
95%
have
95%
"I
95%
I
95%
such
95%
that
95%
the
95%
way
95%
and
93%
And
93%
be
93%
love
93%
to
93%
To
93%
your
93%
every
90%
it
90%
Oh
90%
Oh,
90%
sayin',
90%
you're
90%
cry
88%
if
88%
I'm
88%
of
88%
time
88%
When
88%
how
85%
just
85%
Just
85%
know
85%
laugh,
85%
single
85%
something
85%
want
85%
at
83%
'cause
83%
day,
83%
day
83%
everybody
83%
for
83%
gets
83%
home
83%
knows
83%
much,
83%
Must
83%
one
83%
baby,
80%
baby
80%
call
80%
from
80%
in
80%
that's
80%
this
80%
tryin'
80%
we
80%
words
80%
again"
78%
again
78%
busy
78%
but
78%
distance
78%
drinkin',
78%
girl
78%
go
78%
met,
78%
night
78%
out
78%
replyin'
78%
said,
78%
sure
78%
what
78%
died
76%
family,
76%
friends
76%
Keep
76%
kill
76%
Kill
76%
makes
76%
My
76%
my
76%
not
76%
quirks
76%
sweet
76%
by
73%
condolences
73%
grandma
73%
honey,
73%
It's
73%
returning
73%
seek
73%
send
73%
ways
73%
would
73%
coincidence,
71%
contact
71%
far
71%
flattered
71%
phone
71%
sentiment,
71%
show
71%
sweater
71%
calls
68%
fonder,
68%
Forgettin'
68%
lovely
68%
many
68%
more
68%
through
68%
strange
66%
thrill
66%
long
63%
No matching quizzes found
Score Distribution
Percent of People with Each Score
Percentile by Number Answered
Your Score History
You have not taken this quiz since the last reset